Thriller Tracklist (Michael Jackson) - Statistics

General Stats
  • This quiz has been taken 56 times
  • The average score is 6 of 9
Answer Stats
Hint Answer % Correct
4 Thriller
95%
5 Beat It
91%
6 Billie Jean
91%
2 Baby Be Mine
77%
1 Wanna Be Startin' Somethin'
77%
7 Human Nature
70%
9 The Lady In My Life
61%
8 P.Y.T (Pretty Young Thing)
48%
3 This Girl Is Mine(with Paul McCartney)
9%
No matching quizzes found
Score Distribution
Percent of People with Each Score
Percentile by Number Answered
Your Score History
You have not taken this quiz